000 00353nam a22001457a 4500
003 macl
005 20200717154536.0
008 200717b xxu||||| |||| 00| 0 eng d
040 _cmacl
100 _aSekhar ,K S Vijaya
_979077
245 _aDigital Empowerment
260 _aDelhi
_bB S Pub
_c2018
650 _aTechnology
_979078
942 _2ddc
_cBK
999 _c62709
_d62709